[Event "Galicia-ch Absoluto"]
[Site "Mondariz"]
[Date "2003.04.13"]
[Round "2.2"]
[White "Rivera Kuzawka, Daniel"]
[Black "Rodriguez Lopez, Walter"]
[Result "1-0"]
[WhiteElo "2330"]
[BlackElo "2096"]
[PlyCount "45"]
[EventDate "2003.04.12"]
[EventType "swiss"]
[EventRounds "9"]
[EventCountry "ESP"]
[SourceTitle "EXT 2004"]
[Source "ChessBase"]
[SourceDate "2003.11.25"]
[SourceVersion "1"]
[SourceVersionDate "2003.11.25"]
[SourceQuality "1"]

1. e4 c5 2. Nf3 d6 3. d4 cxd4 4. Nxd4 Nf6 5. Nc3 e5 6. Bb5+ Nbd7 7. Nf5 a6 8. Bxd7+ Qxd7 9. Bg5 Nxe4 10. Nxg7+ Bxg7 11. Nxe4 d5 12. Nf6+ Bxf6 13. Bxf6 0-0 14. f4 exf4 15. 0-0 Qg4 16. Qd2 Qg6 17. Rxf4 Be6 18. Raf1 Rfc8 19. Bc3 Rxc3 20. bxc3 Rc8 21. R1f3 Kf8 22. Rf6 Qe4 23. Re3 1-0